Stratégia rozvoja energetickej politiky Ruskej federácie v intenciách energetickej bezpečnosti

Pojem bezpečnosť a národná bezpečnosť. Stratégia rozvoja energetickej politiky RF. Energetický sektor RF.

Saved in:
Bibliographic Details
Main Author: Drieniková, Kristína, 1982-
Other Authors: Ružeková, Viera, 1957-
Format: Book Chapter
Language:Slovak
Subjects:
Tags: Add Tag
No Tags, Be the first to tag this record!

MARC

LEADER 00000naa a2200000 4500
001 0163811
005 20240502072841.6
041 0 |a slo 
044 |a SK 
245 1 0 |a Stratégia rozvoja energetickej politiky Ruskej federácie v intenciách energetickej bezpečnosti  |c Kristína Drieniková, Viera Ružeková 
520 |a Pojem bezpečnosť a národná bezpečnosť. Stratégia rozvoja energetickej politiky RF. Energetický sektor RF. 
610 2 0 |a politika bezpečnostná 
610 2 0 |a politika energetická 
610 2 0 |a Rusko 
610 2 0 |a liberalizácia 
610 2 0 |a plyn 
610 2 0 |a ropa 
610 2 0 |a ropovody 
610 2 0 |a diverzifikácia 
100 1 |a Drieniková, Kristína, 1982- 
700 1 |a Ružeková, Viera, 1957-